UM Logo
Normal view MARC view
  • Bance, Lucila O.

Entry Personal Name

Number of records used in: 1

001 - CONTROL NUMBER

  • control field: 59475

003 - CONTROL NUMBER IDENTIFIER

  • control field: OSt

005 - DATE AND TIME OF LATEST TRANSACTION

  • control field: 20240830095053.0

008 - FIXED-LENGTH DATA ELEMENTS

  • fixed length control field: 240830|| aca||aabn | a|a d

040 ## - CATALOGING SOURCE

  • Original cataloging agency: OSt
  • Transcribing agency: OSt

100 ## - HEADING--PERSONAL NAME

  • Personal name: Bance, Lucila O.
  • Relator term: author.

670 ## - SOURCE DATA FOUND

  • Source citation: Work cat.: (OSt): Pacayra, Eva E. author. 59474, Development of family core-based intervention program on the trauma symptoms among family members of victims of drug related violence : , 2020.